| 000 | 00479nam a2200205Ia 4500 | ||
|---|---|---|---|
| 008 | 210210b2007 xxu||||| |||| 00| 0 eng d | ||
| 020 | _a9780415375498 | ||
| 041 | _aeng | ||
| 082 | _a320.082 DAHW | ||
| 100 | _aDAHLERUP (Drude) Ed | ||
| 245 | _aWomen, quotas and politics | ||
| 260 |
_aLondon _bRoutledge _c2007 |
||
| 300 | _axii,312 | ||
| 650 | _aWomen, | ||
| 650 | _aquotas | ||
| 650 | _apolitics | ||
| 650 | _aand | ||
| 690 | _aPolitical Science | ||
| 906 | _a070202 | ||
| 999 |
_c119689 _d119689 |
||